| 000 | 00629nam a2200205Ia 4500 | ||
|---|---|---|---|
| 005 | 20250508163943.0 | ||
| 008 | 008 250505s9999 xx 000 0 eng d | ||
| 020 | _a81-7739-010-4 | ||
| 037 | _aTextual | ||
| 040 |
_aFEDL _beng _cFEDL |
||
| 041 |
_aeng _2eng |
||
| 084 |
_a371.76, SHA _qFEDL |
||
| 100 | _aSharma Sangeeta | ||
| 245 | 0 | _aCommon medical problems in school going children : An aid for teachers and parents | |
| 260 |
_aNew Delhi, India _bAcichal Publishing Company _c2000 |
||
| 300 | _axii,256p | ||
| 700 |
_a Sharma J B _9776831 |
||
| 942 |
_cTEXL _h371.76, SHA |
||
| 999 |
_c1386271 _d1386271 |
||